Detalles MARC
| 000 -LEADER |
| fixed length control field |
01583nam a2200349Ia 4500 |
| 003 - CONTROL NUMBER IDENTIFIER |
| control field |
OSt |
| 005 - DATE AND TIME OF LATEST TRANSACTION |
| control field |
20250522111248.0 |
| 008 - FIXED-LENGTH DATA ELEMENTS--GENERAL INFORMATION |
| fixed length control field |
191128t2015 sp er 000 f spa d |
| 020 ## - INTERNATIONAL STANDARD BOOK NUMBER |
| International Standard Book Number |
9788416559121 (Volumen 3) |
| 020 ## - INTERNATIONAL STANDARD BOOK NUMBER |
| International Standard Book Number |
9788416559145 (Volumen 5) |
| 020 ## - INTERNATIONAL STANDARD BOOK NUMBER |
| International Standard Book Number |
9788416559152 (Volumen 6) |
| 020 ## - INTERNATIONAL STANDARD BOOK NUMBER |
| International Standard Book Number |
9788416559169 (Volumen 7) |
| 020 ## - INTERNATIONAL STANDARD BOOK NUMBER |
| International Standard Book Number |
9788416559176 (Volumen 8) |
| 020 ## - INTERNATIONAL STANDARD BOOK NUMBER |
| International Standard Book Number |
9788416559183 (Volumen 9) |
| 020 ## - INTERNATIONAL STANDARD BOOK NUMBER |
| International Standard Book Number |
9788416559190 (Volumen 10) |
| 020 ## - INTERNATIONAL STANDARD BOOK NUMBER |
| International Standard Book Number |
9788416559206 (Volumen 11) |
| 020 ## - INTERNATIONAL STANDARD BOOK NUMBER |
| International Standard Book Number |
9788416559213 (Volumen 12) |
| 040 ## - CATALOGING SOURCE |
| Original cataloging agency |
CO-JMCR |
| Transcribing agency |
CO-JMCR |
| 041 1# - LANGUAGE CODE |
| Language code of text/sound track or separate title |
spa |
| Language code of original |
eng |
| 082 04 - DEWEY DECIMAL CLASSIFICATION NUMBER |
| Classification number |
J-N |
| Item number |
FOSs |
| 100 1# - MAIN ENTRY--PERSONAL NAME |
| Personal name |
Foster, Alan Dean, |
| Relator term |
autor |
| 9 (RLIN) |
6990 |
| 245 10 - TITLE STATEMENT |
| Title |
Star wars / |
| Statement of responsibility, etc. |
Alan Dean Foster ; traducción, Virginia de la Cruz Nevado |
| 260 ## - PUBLICATION, DISTRIBUTION, ETC. |
| Place of publication, distribution, etc. |
España : |
| Name of publisher, distributor, etc. |
Luppa Solutions, |
| Date of publication, distribution, etc. |
©2015 |
| 300 ## - PHYSICAL DESCRIPTION |
| Extent |
12 volúmenes ; |
| Dimensions |
23 cm. |
| 490 0# - SERIES STATEMENT |
| Series statement |
Leyendas |
| 505 1# - FORMATTED CONTENTS NOTE |
| Miscellaneous information |
V.3. |
| Title |
La llegada de la tomenta.-- |
| Miscellaneous information |
V.5. |
| Title |
Han solo : venganza.-- |
| Miscellaneous information |
V.6. |
| Title |
Han solo : el legado perdido.-- |
| Miscellaneous information |
V.7. |
| Title |
La nueva república : heredero del imperio.-- |
| Miscellaneous information |
V.8. |
| Title |
La nueva república : el resurgir d ela fuerza oscura.-- |
| Miscellaneous information |
V.9. |
| Title |
La nueva república : la nueva orden.-- |
| Miscellaneous information |
V.10. |
| Title |
La nueva orden Jedi : vector prime.-- |
| Miscellaneous information |
V.11. |
| Title |
La nueva orden Jedi : agentes del caos I : la prueba del héroe.-- |
| Miscellaneous information |
V.12. |
| Title |
La nueva orden Jedi : agentes del caos II el eclipse de los Jedi.-- |
| 534 ## - ORIGINAL VERSION NOTE |
| Introductory phrase |
Star wars: the approaching storm |
| 546 ## - LANGUAGE NOTE |
| Language note |
Traducido del inglés |
| 650 14 - SUBJECT ADDED ENTRY--TOPICAL TERM |
| Topical term or geographic name entry element |
Novela estadounidense |
| Chronological subdivision |
siglo XX |
| 9 (RLIN) |
6991 |
| 700 1# - ADDED ENTRY--PERSONAL NAME |
| Personal name |
Cruz Nevado, Virginia de la, |
| Relator term |
traductora |
| 9 (RLIN) |
6992 |
| 942 ## - ADDED ENTRY ELEMENTS (KOHA) |
| Source of classification or shelving scheme |
Dewey Decimal Classification |
| Koha item type |
Books |